000 00626cam2a220018100 4500
001 zam00004952
008 970717n xx eng u
035 _a(Sirsi) r134952
040 _dUPRA
100 _aNag, P.
_6A108000.1
245 1 0 _aQuantitative analysis of Zambian rural settlements.
260 _aCalcultta :
_bNational Atlas and Thematic Mapping Organization,
_c1983.
520 _aIn the paper, there is an investigation to study quantitatively the arrangement of Zambian rural settlements.
650 4 _aHabitat.
_6S80664.1
650 4 _aZambia.
_6S1405.6
949 1 0 _mINESOR
_tBOOK
_lON-SHELF
004 134952
999 _c22857
_d22857